[Event "?"]
[Site "ICS rated blitz match, 164.58"]
[Date "1997.??.??"]
[Round "?"]
[White "Brause"]
[Black "Granmaster"]
[Result "1-0"]
[WhiteElo "2310"]
[BlackElo "1810"]
[PlyCount "79"]

1. e4 e5 2. Nf3 Nc6 3. Nc3 Nf6 4. Nxe5 Nxe5 5. d4 Nxe4 6. Nxe4 Ng6 7. c4 d5 8.
Nc3 c6 9. cxd5 cxd5 10. Bb5+ Bd7 11. Qa4 Ne7 12. O-O a6 13. Bxd7+ Qxd7 14.
Qxd7+ Kxd7 15. Bf4 f6 16. Rfe1 b5 17. Bg3 h5 18. Bf4 g5 19. Bd2 h4 20. a4 b4
21. Ne2 a5 22. f3 Nf5 23. Rad1 Bd6 24. f4 g4 25. Kf2 g3+ 26. hxg3 hxg3+ 27.
Nxg3 Nxg3 28. Kxg3 Rag8+ 29. Kf3 Rg6 30. Rh1 Rhg8 31. Rdg1 Rg3+ 32. Kf2 Rb3 33.
Bc1 Re8 34. Rh5 Kc6 35. Rd1 Re4 36. Rh6 Be7 37. g4 Kd7 38. Rh7 Ke8 39. Rh5 Bd6
40. Re1 1-0

[Event "?"]
[Site "ICS rated blitz match, 164.58"]
[Date "1997.??.??"]
[Round "?"]
[White "Brause"]
[Black "BauttuaB"]
[Result "0-1"]
[WhiteElo "2310"]
[BlackElo "2150"]
[PlyCount "166"]

1. e4 e5 2. Nf3 Nc6 3. Nc3 Nf6 4. Nxe5 Nxe5 5. d4 Ng6 6. e5 Ng8 7. Bc4 d5 8.
Bxd5 c6 9. Be4 Bb4 10. O-O N8e7 11. Ne2 O-O 12. c3 Ba5 13. Bg5 h6 14. Bxg6 hxg5
15. Be4 Bf5 16. Ng3 Bxe4 17. Nxe4 Ng6 18. Qg4 f5 19. exf6 gxf6 20. b4 Bc7 21.
Rae1 Kg7 22. Nc5 Qd6 23. f4 Rfe8 24. Nxb7 Qf8 25. fxg5 Rxe1 26. Rxe1 f5 27. Qh5
Qh8 28. Qxh8+ Rxh8 29. g3 f4 30. Nc5 Bb8 31. Ne6+ Kf7 32. Nxf4 Nxf4 33. Rf1 Kg6
34. gxf4 Kf5 35. d5 cxd5 36. Rd1 Rd8 37. h4 Bxf4 38. Kf2 Be5 39. c4 d4 40. Kf3
d3 41. g6 d2 42. Ke2 Bc3 43. g7 Bxb4 44. h5 Rg8 45. h6 Kg6 46. a3 Ba5 47. Rh1
Kh7 48. Kd3 Re8 49. Rg1 Kg8 50. Kc2 Kh7 51. Kd3 Rg8 52. Rh1 Rd8+ 53. Kc2 Bb6
54. g8=Q+ Kxg8 55. h7+ Kh8 56. Kd1 Ba5 57. Rh5 Bc3 58. Rh3 Be5 59. c5 Bf4 60.
Rh4 Rd4 61. Rxf4 Rxf4 62. Kxd2 Rc4 63. Kd3 Rxc5 64. Kd4 Ra5 65. Kc4 Rxa3 66.
Kd5 Kxh7 67. Kd4 Kg6 68. Ke4 Kf6 69. Kd4 Ra5 70. Kd3 Ke5 71. Kc4 a6 72. Kb4
Rb5+ 73. Kc4 Rd5 74. Kc3 Rd4 75. Kb2 Rc4 76. Kb3 Kd4 77. Kb2 Rc3 78. Ka2 Kc4
79. Kb2 Kb4 80. Ka2 Rc2+ 81. Ka1 Kb3 82. Kb1 Rc3 83. Ka1 Rc1# 0-1

[Event "?"]
[Site "ICS rated blitz match, 164.58"]
[Date "1997.??.??"]
[Round "?"]
[White "Brause"]
[Black "BauttuaB"]
[Result "0-1"]
[WhiteElo "2295"]
[BlackElo "2165"]
[PlyCount "144"]

1. e4 e5 2. Nf3 Nc6 3. Nc3 Nf6 4. Nxe5 Nxe5 5. d4 Ng6 6. e5 Ng8 7. Bc4 d5 8.
Bxd5 c6 9. Be4 Bb4 10. O-O N8e7 11. Ne2 Bf5 12. Ng3 Bxe4 13. Nxe4 O-O 14. c3
Ba5 15. Nd6 Rb8 16. f4 Bc7 17. f5 Bxd6 18. exd6 Qxd6 19. fxg6 Nxg6 20. Bd2 Rbe8
21. Qf3 Re6 22. Rae1 Rxe1 23. Rxe1 Qd5 24. Qxd5 cxd5 25. Kf1 Rd8 26. Be3 Kf8
27. g3 Ne7 28. Bf4 f6 29. Ke2 Kf7 30. Kd3 b5 31. Bc7 Rd7 32. Bf4 Nc8 33. h3 g5
34. Bd2 Nd6 35. Rf1 Kg6 36. Be3 f5 37. a3 h6 38. Rg1 a6 39. Rf1 Ne4 40. Rg1 Rb7
41. Ke2 a5 42. Kf3 a4 43. Ke2 Rf7 44. Kf3 Rc7 45. Rc1 Rf7 46. Rg1 Nxg3 47. Kxg3
f4+ 48. Bxf4 Rxf4 49. Re1 Re4 50. Rxe4 dxe4 51. Kf2 h5 52. d5 g4 53. hxg4 hxg4
54. d6 Kf6 55. d7 Ke7 56. Kf1 Kxd7 57. Kf2 Kd6 58. c4 bxc4 59. Kf1 Kd5 60. Ke2
Kd4 61. Kf1 Kd3 62. Kf2 e3+ 63. Kg3 e2 64. Kf2 g3+ 65. Kxg3 e1=Q+ 66. Kg4 Qf2
67. Kg5 Ke4 68. Kg6 Qf8 69. b3 Ke5 70. bxa4 Qg8+ 71. Kh6 Kf6 72. a5 Qg6# 0-1

[Event "?"]
[Site "ICS rated blitz match, 164.58"]
[Date "1997.??.??"]
[Round "?"]
[White "Brause"]
[Black "fweep"]
[Result "1-0"]
[WhiteElo "2260"]
[BlackElo "2200"]
[PlyCount "29"]

1. e4 e5 2. Nf3 Nc6 3. Nc3 Nf6 4. Nxe5 Nxe5 5. d4 Ng6 6. e5 Ng8 7. Bc4 d6 8.
Qf3 Be6 9. Qxb7 Bxc4 10. Qc6+ Ke7 11. exd6+ cxd6 12. Qxc4 Rc8 13. Qe2+ Kd7 14.
Qb5+ Kc7 15. Nd5# 1-0

[Event "?"]
[Site "ICS rated blitz match, 164.58"]
[Date "1997.??.??"]
[Round "?"]
[White "Brause"]
[Black "fweep"]
[Result "1-0"]
[WhiteElo "2265"]
[BlackElo "2135"]
[PlyCount "49"]

1. e4 e5 2. Nf3 Nc6 3. Nc3 Nf6 4. Nxe5 Nxe5 5. d4 Nc6 6. d5 Ne7 7. e5 Nfxd5 8.
Nxd5 Nxd5 9. Qxd5 c6 10. Qd4 d5 11. exd6 Qxd6 12. Be3 Qxd4 13. Bxd4 Bb4+ 14. c3
Bf8 15. O-O-O Bf5 16. Bc4 Be6 17. Rhe1 c5 18. Bb5+ Kd8 19. Rxe6 fxe6 20. Be5+
Ke7 21. Rd7+ Ke8 22. Rxb7+ Kd8 23. Rd7+ Kc8 24. Bc6 a6 25. Rc7+ 1-0

[Event "?"]
[Site "ICS rated blitz match, 164.58"]
[Date "1997.??.??"]
[Round "?"]
[White "Brause"]
[Black "antiquayle"]
[Result "1-0"]
[WhiteElo "2275"]
[BlackElo "2040"]
[PlyCount "45"]

1. e4 e5 2. Nf3 Nc6 3. Nc3 Nf6 4. Nxe5 Nxe5 5. d4 Nc6 6. d5 Nb8 7. e5 Ng8 8. d6
cxd6 9. exd6 Qa5 10. Bb5 a6 11. Qe2+ Kd8 12. Bc4 Nf6 13. Bd2 Bxd6 14. Nd5 Qc5
15. Be3 Qc6 16. Bb6+ Qxb6 17. Nxb6 Re8 18. Qxe8+ Nxe8 19. Nxa8 b5 20. Bxf7 Bb7
21. Nb6 Nf6 22. Rd1 Ke7 23. Bd5 1-0

[Event "?"]
[Site "ICS rated blitz match, 164.58"]
[Date "1997.??.??"]
[Round "?"]
[White "Brause"]
[Black "AndyMatter"]
[Result "1-0"]
[WhiteElo "2280"]
[BlackElo "1940"]
[PlyCount "28"]

1. e4 e5 2. Nf3 Nc6 3. Nc3 Nf6 4. Nxe5 Nxe5 5. d4 Nc6 6. d5 Ne5 7. f4 Ng6 8. e5
Ng8 9. d6 c6 10. g3 f6 11. Qh5 Qa5 12. Bd3 fxe5 13. Bxg6+ Kd8 14. fxe5 b5 1-0

[Event "?"]
[Site "ICS rated blitz match, 164.58"]
[Date "1997.??.??"]
[Round "?"]
[White "Brause"]
[Black "AndyMatter"]
[Result "1-0"]
[WhiteElo "2285"]
[BlackElo "1935"]
[PlyCount "29"]

1. e4 e5 2. Nf3 Nc6 3. Nc3 Nf6 4. Nxe5 Nxe5 5. d4 Nc6 6. d5 Ne7 7. e5 Nfg8 8.
d6 cxd6 9. exd6 Ng6 10. Nb5 Bxd6 11. Qxd6 Qe7+ 12. Be3 Qxd6 13. Nxd6+ Ke7 14.
Bc5 Kf6 15. Bd4+ 1-0

[Event "?"]
[Site "ICS rated blitz match, 164.58"]
[Date "1997.??.??"]
[Round "?"]
[White "Brause"]
[Black "oldtimer"]
[Result "1-0"]
[WhiteElo "2315"]
[BlackElo "2295"]
[PlyCount "61"]

1. e4 e5 2. Nf3 Nc6 3. Nc3 Nf6 4. Nxe5 Nxe5 5. d4 Ng6 6. e5 Ng8 7. Bc4 d5 8.
Bxd5 c6 9. Be4 f5 10. exf6 Nxf6 11. Bg5 Bb4 12. Qd3 Bxc3+ 13. bxc3 Kf7 14. O-O
Qd6 15. Bf3 Rf8 16. Rfe1 Kg8 17. Qc4+ Nd5 18. Qb3 Kh8 19. c4 Ndf4 20. Rad1 c5
21. Qa3 Ne6 22. Be3 Rxf3 23. gxf3 Bd7 24. d5 Nef4 25. Bxc5 Qf6 26. Kh1 Bh3 27.
Rg1 Bg2+ 28. Rxg2 Nxg2 29. Kxg2 Qg5+ 30. Kh1 Re8 31. Qa4 1-0

[Event "?"]
[Site "ICS rated blitz match, 164.58"]
[Date "1997.??.??"]
[Round "?"]
[White "Brause"]
[Black "pmac"]
[Result "1-0"]
[WhiteElo "2325"]
[BlackElo "1960"]
[PlyCount "81"]

1. e4 e5 2. Nf3 Nc6 3. Nc3 Nf6 4. Nxe5 Nxe5 5. d4 Nc6 6. d5 d6 7. dxc6 bxc6 8.
f3 Be7 9. Bc4 O-O 10. O-O a5 11. Bf4 Ba6 12. Bxa6 Rxa6 13. Qd3 Ra8 14. Rad1 Nd7
15. Qc4 c5 16. e5 dxe5 17. Bh6 Bd6 18. Qg4 Qf6 19. Bxg7 Qxg7 20. Qxd7 Kh8 21.
Ne4 Rg8 22. Rf2 Rad8 23. Qc6 Qg6 24. Rdd2 f5 25. Nxd6 cxd6 26. Qa6 e4 27. Qxa5
Qg7 28. fxe4 fxe4 29. Rde2 Qd4 30. Qe1 d5 31. c3 Qe5 32. c4 Rde8 33. cxd5 Qxd5
34. a4 Rg7 35. Re3 Qd4 36. b3 Reg8 37. Rd2 Qb4 38. Qc1 Rf8 39. Rd5 Rgf7 40.
Qa1+ Rg7 41. Rg3 1-0

[Event "?"]
[Site "ICS rated blitz match, 164.58"]
[Date "1997.??.??"]
[Round "?"]
[White "Brause"]
[Black "oldtimer"]
[Result "1-0"]
[WhiteElo "2315"]
[BlackElo "2275"]
[PlyCount "59"]

1. e4 e5 2. Nf3 Nc6 3. Nc3 Nf6 4. Nxe5 Nxe5 5. d4 Ng6 6. e5 Ng8 7. Bc4 d5 8.
Bxd5 c6 9. Be4 f5 10. Bf3 Bb4 11. O-O N8e7 12. Ne2 Be6 13. c3 Ba5 14. Re1 Bd5
15. Nf4 Nxf4 16. Bxf4 Bxf3 17. Qxf3 Ng6 18. Bd2 O-O 19. Qd3 f4 20. Qh3 Qc8 21.
e6 Re8 22. Qf5 Re7 23. Qxa5 Rxe6 24. Rxe6 Qxe6 25. Qc7 Re8 26. f3 Qf5 27. Qxb7
Re2 28. Qb3+ Kh8 29. Qb8+ Nf8 30. Bxf4 1-0

[Event "?"]
[Site "ICS rated blitz match, 164.58"]
[Date "1997.??.??"]
[Round "?"]
[White "Brause"]
[Black "oldtimer"]
[Result "0-1"]
[WhiteElo "2325"]
[BlackElo "2270"]
[PlyCount "192"]

1. e4 e5 2. Nf3 Nc6 3. Nc3 Nf6 4. Nxe5 Nxe5 5. d4 Ng6 6. e5 Ng8 7. Bc4 d5 8.
Bxd5 c6 9. Be4 f5 10. Bf3 Bb4 11. O-O N8e7 12. Na4 O-O 13. c3 Ba5 14. b4 Bb6
15. Qb3+ Kh8 16. Nxb6 axb6 17. Re1 b5 18. Qc2 Be6 19. Bh5 Ra4 20. Bg5 Qd7 21.
a3 Rfa8 22. Qc1 Nd5 23. g3 Nb6 24. Bd1 R4a6 25. Bf3 h6 26. Be3 Nc4 27. Bh5 Kh7
28. Re2 Rxa3 29. Rxa3 Rxa3 30. Qe1 Ne7 31. Bc1 Ra1 32. Rc2 Bd5 33. e6 Bxe6 34.
Re2 Bd5 35. f3 Ng8 36. Be8 Qd8 37. Kf2 Nd6 38. Bg5 Rxe1 39. Bxd8 Rxe2+ 40. Kxe2
Nxe8 41. Kf2 Kg6 42. h3 Kf7 43. Ke3 Ke6 44. Bb6 Ngf6 45. Kf2 Nd7 46. Bd8 Ba2
47. Ke2 Kd5 48. Kd3 Bb1+ 49. Kd2 Kc4 50. d5 cxd5 51. Kc1 Bd3 52. Kb2 Be2 53. g4
f4 54. g5 Bxf3 55. gxh6 gxh6 56. Bh4 Bg2 57. Kc2 Bxh3 58. Bf2 Ng7 59. Kd2 Ne6
60. Kc2 Nf6 61. Kd1 Bf1 62. Ke1 Bd3 63. Bh4 Ne4 64. Bf2 N6g5 65. Bb6 Nf3+ 66.
Kd1 h5 67. Kc1 Nxc3 68. Bd8 Ne2+ 69. Kb2 h4 70. Bf6 h3 71. Ka2 h2 72. Bg7 d4
73. Ka3 Ne1 74. Kb2 Nc2 75. Bxd4 Nexd4 76. Ka2 Kxb4 77. Kb2 Ne2 78. Ka2 Kc3 79.
Kb1 Ncd4+ 80. Ka1 Nb3+ 81. Ka2 Ned4 82. Ka3 Nc2+ 83. Ka2 Nb4+ 84. Ka3 Nc6 85.
Ka2 Nb8 86. Ka3 Kc2 87. Ka2 Bc4 88. Ka3 Nc5 89. Kb4 Ncd7 90. Ka3 h1=N 91. Kb4
Nf2 92. Ka3 Ne4 93. Kb4 Kb2 94. Ka5 Nec5 95. Kb4 Nd3+ 96. Ka5 b6# 0-1

[Event "?"]
[Site "ICS rated blitz match, 164.58"]
[Date "1997.??.??"]
[Round "?"]
[White "Brause"]
[Black "oldtimer"]
[Result "0-1"]
[WhiteElo "2315"]
[BlackElo "2280"]
[PlyCount "134"]

1. e4 e5 2. Nf3 Nc6 3. Nc3 Nf6 4. Nxe5 Nxe5 5. d4 Ng6 6. e5 Ng8 7. Bc4 d5 8.
Bxd5 c6 9. Be4 f5 10. exf6 Nxf6 11. Bg5 Bb4 12. Qd3 Bxc3+ 13. bxc3 O-O 14. O-O
Qe8 15. Bf3 Qf7 16. Rfe1 Be6 17. a3 Bc4 18. Qd2 Rae8 19. Reb1 Nd5 20. a4 b6 21.
a5 b5 22. Bh5 Qf5 23. Rc1 Ndf4 24. Bxf4 Qxf4 25. Qxf4 Rxf4 26. g3 Rf6 27. Rab1
a6 28. Rd1 Re7 29. Re1 Rfe6 30. Rxe6 Rxe6 31. Bg4 Re7 32. Bc8 Ra7 33. Bf5 Ne7
34. Bd3 Bd5 35. Re1 g6 36. f4 Kf7 37. g4 Ng8 38. h3 Re7 39. Rxe7+ Nxe7 40. Kf2
Nc8 41. Ke3 Nd6 42. f5 g5 43. Bf1 Nb7 44. Kf2 Nxa5 45. Be2 Nb7 46. Ke3 Nd6 47.
Bf1 a5 48. Kd2 a4 49. Kc1 a3 50. Be2 Ne4 51. c4 bxc4 52. f6 Nc3 53. Bf1 Nb5 54.
Kb1 c3 55. Bd3 h6 56. Ka1 Nxd4 57. Bh7 Kxf6 58. Kb1 Ke5 59. Bg6 c5 60. Bd3 Nc6
61. Be2 Nb4 62. Bd1 Kf4 63. h4 Ke3 64. Ka1 Kd2 65. hxg5 Kxd1 66. gxh6 Nxc2+ 67.
Kb1 a2# 0-1

[Event "?"]
[Site "ICS rated blitz match, 164.58"]
[Date "1997.??.??"]
[Round "?"]
[White "Brause"]
[Black "Kyrin"]
[Result "1-0"]
[WhiteElo "2310"]
[BlackElo "1715"]
[PlyCount "61"]

1. e4 e5 2. Nf3 Nf6 3. Nc3 Nc6 4. Nxe5 Nxe5 5. d4 Bb4 6. dxe5 Nxe4 7. Qg4 d5 8.
Qxg7 Rf8 9. Qxh7 f5 10. Bh6 Rf7 11. Qg8+ Ke7 12. Bg5+ Nxg5 13. Qxg5+ Ke8 14.
Qxd8+ Kxd8 15. O-O-O c6 16. f4 Ke7 17. Ne2 Be6 18. Nd4 Rg7 19. c3 Bc5 20. h3 a5
21. Kc2 a4 22. Rd2 Rc8 23. Bd3 Rf7 24. Nxe6 Kxe6 25. g4 fxg4 26. hxg4 Ke7 27.
f5 b5 28. f6+ Ke8 29. Bg6 Rcc7 30. Rh8+ Bf8 31. e6 1-0

[Event "?"]
[Site "ICS rated blitz match, 164.58"]
[Date "1997.??.??"]
[Round "?"]
[White "Brause"]
[Black "Kyrin"]
[Result "1-0"]
[WhiteElo "2310"]
[BlackElo "1710"]
[PlyCount "53"]

1. e4 e5 2. Nf3 Nf6 3. Nc3 Nc6 4. Nxe5 Nxe5 5. d4 Bb4 6. dxe5 Nxe4 7. Qg4 d5 8.
Qxg7 Rf8 9. Qxh7 Nxc3 10. a3 Ba5 11. Bd2 Qe7 12. f4 Bb6 13. Bxc3 Qc5 14. O-O-O
a5 15. Bd4 Qc6 16. Bxb6 cxb6 17. Qd3 Bd7 18. Qxd5 Qc7 19. Bb5 Bxb5 20. Qxb5+
Ke7 21. f5 Rac8 22. f6+ Ke6 23. Qd5+ Kf5 24. g4+ Kg6 25. Qd3+ Kh6 26. Qh3+ Kg6
27. Qh5# 1-0

[Event "?"]
[Site "ICS rated blitz match, 164.58"]
[Date "1997.??.??"]
[Round "?"]
[White "Brause"]
[Black "NeverMore"]
[Result "1-0"]
[WhiteElo "2325"]
[BlackElo "1695"]
[PlyCount "35"]

1. e4 e5 2. Nf3 Nc6 3. Nc3 Nf6 4. Nxe5 Nxe5 5. d4 Ng6 6. e5 Ng8 7. Bc4 d5 8.
Bxd5 Be6 9. Bxb7 Rb8 10. Bc6+ Bd7 11. Bf3 Bb4 12. O-O N8e7 13. Ne2 Bc6 14.
Bxc6+ Nxc6 15. c3 Be7 16. f4 f5 17. d5 Na5 18. Qa4+ 1-0

[Event "?"]
[Site "ICS rated blitz match, 164.58"]
[Date "1997.??.??"]
[Round "?"]
[White "Brause"]
[Black "SilverEagle"]
[Result "1-0"]
[WhiteElo "2360"]
[BlackElo "1975"]
[PlyCount "89"]

1. e4 e5 2. Nf3 Nc6 3. Nc3 Nf6 4. Nxe5 Nxe5 5. d4 Bb4 6. dxe5 Nxe4 7. Qg4 d5 8.
Qxg7 Rf8 9. Qxh7 Nxc3 10. a3 Ba5 11. Bd2 d4 12. f4 c5 13. bxc3 dxc3 14. Be3 Qb6
15. Bc4 Be6 16. Bxe6 Qxe6 17. Bxc5 Qd5 18. Bxf8 Qd2+ 19. Kf1 Qxf4+ 20. Ke2
Qxe5+ 21. Kf3 Qf6+ 22. Kg4 Qd4+ 23. Kh3 Qe3+ 24. Kh4 Bd8+ 25. Kg4 Qe2+ 26. Kh3
Qe6+ 27. Kg3 Qe3+ 28. Kg4 Qe2+ 29. Kg3 Bc7+ 30. Kh3 Qe6+ 31. Kh4 O-O-O 32. Bg7
Qe7+ 33. Kh3 Qe3+ 34. g3 Qe6+ 35. g4 Qe3+ 36. Kh4 Rd5 37. Rhf1 Bd8+ 38. g5
Qxg5+ 39. Kh3 Qe3+ 40. Kg2 Rg5+ 41. Kh1 Qe2 42. Qh3+ Kb8 43. Rae1 Qxc2 44. Be5+
Ka8 45. Qc8# 1-0

[Event "?"]
[Site "ICS rated blitz match, 164.58"]
[Date "1997.??.??"]
[Round "?"]
[White "Brause"]
[Black "TheCoF"]
[Result "1-0"]
[WhiteElo "2365"]
[BlackElo "2390"]
[PlyCount "43"]

1. e4 e5 2. Nf3 Nc6 3. Nc3 Nf6 4. Nxe5 Nxe5 5. d4 Qe7 6. dxe5 Qxe5 7. f4 Qa5 8.
Bd2 Qb4 9. a3 Qd4 10. Qf3 Be7 11. e5 Nd5 12. Nxd5 Qxb2 13. Bc3 Qxc2 14. Nxc7+
Kd8 15. Nxa8 Bxa3 16. Ba5+ Ke7 17. Qxa3+ Ke6 18. Qd6+ Kf5 19. Bd3+ Kxf4 20.
Qd4+ Kg5 21. h4+ Kh5 22. g4+ 1-0

[Event "?"]
[Site "ICS rated blitz match, 164.58"]
[Date "1997.??.??"]
[Round "?"]
[White "Brause"]
[Black "weyl"]
[Result "1-0"]
[WhiteElo "2365"]
[BlackElo "1880"]
[PlyCount "53"]

1. e4 e5 2. Nf3 Nc6 3. Nc3 Nf6 4. Nxe5 Nxe5 5. d4 Nc6 6. d5 Ne5 7. f4 Ng6 8. e5
Ng8 9. d6 cxd6 10. exd6 Nf6 11. Qe2+ Be7 12. dxe7 Qxe7 13. Qxe7+ Kxe7 14. f5
Ne5 15. Bg5 d6 16. Nd5+ Kf8 17. Nxf6 gxf6 18. Bxf6 Rg8 19. O-O-O Bxf5 20. Rxd6
Ng4 21. Bd4 Rc8 22. c3 Be6 23. Bxa7 Ra8 24. Bc5 Kg7 25. Bd4+ Kg6 26. h3 Nf6 27.
Bd3+ 1-0

[Event "?"]
[Site "ICS rated blitz match, 164.58"]
[Date "1997.??.??"]
[Round "?"]
[White "Brause"]
[Black "pilou"]
[Result "1-0"]
[WhiteElo "2375"]
[BlackElo "2790"]
[PlyCount "31"]

1. e4 e5 2. Nf3 Nc6 3. Nc3 Nf6 4. Nxe5 Nxe5 5. d4 Nc6 6. d5 Ne5 7. f4 Ng6 8. e5
Ng8 9. d6 cxd6 10. exd6 Qf6 11. Nb5 Kd8 12. Be3 Nxf4 13. Qd2 Ne6 14. O-O-O a6
15. Nc7 Nxc7 16. Bg5 1-0

[Event "?"]
[Site "ICS rated blitz match, 164.58"]
[Date "1997.??.??"]
[Round "?"]
[White "Brause"]
[Black "tab"]
[Result "1-0"]
[WhiteElo "2380"]
[BlackElo "1830"]
[PlyCount "25"]

1. e4 e5 2. Nf3 Nc6 3. Nc3 Nf6 4. Nxe5 Nxe5 5. d4 Bb4 6. dxe5 Nxe4 7. Qg4 Nxc3
8. Qxb4 Nd5 9. Qg4 Ne7 10. Qxg7 Rf8 11. Qxh7 d5 12. Bg5 Be6 13. Qh4 1-0

[Event "?"]
[Site "ICS rated blitz match, 164.58"]
[Date "1997.??.??"]
[Round "?"]
[White "Brause"]
[Black "oldtimer"]
[Result "1/2-1/2"]
[WhiteElo "2385"]
[BlackElo "2210"]
[PlyCount "159"]

1. e4 e5 2. Nf3 Nc6 3. Nc3 Nf6 4. Nxe5 Nxe5 5. d4 Ng6 6. e5 Ng8 7. Bc4 d5 8.
Bxd5 c6 9. Be4 f5 10. Bf3 Bb4 11. O-O N8e7 12. Ne2 Be6 13. c3 Ba5 14. Nf4 Nxf4
15. Bxf4 O-O 16. Bg5 Bb6 17. a4 a6 18. g3 h6 19. Bd2 Qc7 20. Bg2 c5 21. Rc1
Rad8 22. a5 Ba7 23. Be3 cxd4 24. cxd4 Qd7 25. Qe2 Bd5 26. Rfd1 Rc8 27. Bf1 Rxc1
28. Rxc1 Rc8 29. Rd1 Bc4 30. Qe1 Bxf1 31. Qxf1 Nd5 32. Re1 Qe6 33. Rc1 Rc6 34.
Rxc6 Qxc6 35. Qd3 Ne7 36. d5 Qxd5 37. Qxd5+ Nxd5 38. Bxa7 Kf7 39. Bc5 g5 40.
Kg2 g4 41. f3 h5 42. Kf2 Nc7 43. Ke3 Ne6 44. Bd6 Ke8 45. fxg4 hxg4 46. Kd3 Kd7
47. Kc4 Kc6 48. Be7 Ng7 49. Bb4 Ne6 50. Bd2 Ng7 51. Be3 Ne6 52. b3 Ng7 53. Bc5
Ne6 54. Be7 Nc7 55. Bf8 Ne6 56. Bh6 Nc7 57. Bf4 Ne6 58. Bc1 Nc7 59. Bh6 Ne6 60.
b4 Nc7 61. Bf8 Ne6 62. Be7 Ng7 63. Bc5 Ne6 64. Be3 Nc7 65. Ba7 Ne6 66. Bb8 Ng5
67. Kd4 Ne6+ 68. Ke3 Kd5 69. Bd6 Kc4 70. Kd2 Kd4 71. Ke2 Ng5 72. Bc7 Kd5 73.
Ke3 Ne6 74. Bb8 Kc4 75. Bd6 Kd5 76. Kd3 Ng5 77. Ke3 Ne6 78. Kd2 Ng5 79. Ke3 Ne6
80. Kf2 1/2-1/2

[Event "?"]
[Site "ICS rated blitz match, 164.58"]
[Date "1997.??.??"]
[Round "?"]
[White "Brause"]
[Black "oldtimer"]
[Result "0-1"]
[WhiteElo "2380"]
[BlackElo "2215"]
[PlyCount "200"]

1. e4 e5 2. Nf3 Nc6 3. Nc3 Nf6 4. Nxe5 Nxe5 5. d4 Ng6 6. e5 Ng8 7. Bc4 d5 8.
Bxd5 c6 9. Be4 f5 10. Bf3 Bb4 11. O-O N8e7 12. Ne2 Be6 13. c3 Ba5 14. Nf4 Nxf4
15. Bxf4 O-O 16. Bg5 Bb6 17. a4 a6 18. g3 h6 19. Bd2 Qc7 20. Bg2 c5 21. Rc1
Rfd8 22. a5 Ba7 23. Be3 Rd7 24. b4 cxd4 25. cxd4 Qd8 26. Qe2 Bxd4 27. Bxd4 Rxd4
28. Bxb7 Ra7 29. Bxa6 Rxb4 30. Rc5 Qa8 31. Qd2 Rb8 32. Be2 Rd8 33. Qb4 Nd5 34.
Qa4 Rc8 35. Rfc1 Rxc5 36. Rxc5 Qd8 37. Qc6 Qd7 38. Qxd7 Rxd7 39. Bb5 Rc7 40.
Rxc7 Nxc7 41. Bd3 Bc8 42. f3 Kf7 43. f4 Ke6 44. Bc4+ Ke7 45. Kf2 Ba6 46. Bg8
Ne6 47. Bh7 Nd4 48. Ke3 Nc6 49. Bxf5 Nxa5 50. h4 Nc6 51. Bh3 Bc4 52. Ke4 Ba2
53. Bf1 Bb1+ 54. Kd5 Nd8 55. Bh3 g6 56. Bg4 h5 57. Bf3 Bf5 58. Kc4 Ne6 59. Kc3
Kd7 60. Kc4 Kc7 61. Kc3 Kb6 62. Kc4 Kc7 63. Kc3 Nd8 64. Kc4 Be6+ 65. Kc5 Nf7
66. Be4 Bf5 67. Bc6 Nd8 68. Bd5 Ne6+ 69. Kb5 Ng7 70. Kc5 Kd7 71. Ba8 Bb1 72.
Bc6+ Ke7 73. e6 Kxe6 74. Bg2 Kf6 75. Bh3 Bf5 76. Bf1 Bg4 77. Bd3 Nf5 78. Kc6
Nxg3 79. Kd5 Nf5 80. Ke4 Nxh4 81. Bb5 Nf5 82. Ba4 h4 83. Bc6 Bf3+ 84. Kxf3 Nd4+
85. Kg4 Nxc6 86. Kxh4 Kf5 87. Kg3 Nd4 88. Kh4 Kxf4 89. Kh3 g5 90. Kg2 g4 91.
Kf2 g3+ 92. Kf1 Kf3 93. Ke1 g2 94. Kd2 Ke4 95. Kc3 g1=Q 96. Kb4 Qb1+ 97. Kc4
Qb5+ 98. Kc3 Qb3+ 99. Kd2 Qc2+ 100. Ke1 Qe2# 0-1

[Event "?"]
[Site "ICS rated blitz match, 164.58"]
[Date "1997.??.??"]
[Round "?"]
[White "Brause"]
[Black "TheOnlyOne"]
[Result "1-0"]
[WhiteElo "2365"]
[BlackElo "1935"]
[PlyCount "53"]

1. e4 e5 2. Nf3 Nc6 3. Nc3 Nf6 4. Nxe5 Nxe4 5. Nxc6 Nxc3 6. dxc3 bxc6 7. Bd3
Bd6 8. Qe2+ Qe7 9. Qxe7+ Bxe7 10. O-O O-O 11. Re1 Bd6 12. Bg5 Bb7 13. Be7 Rfe8
14. Bxd6 cxd6 15. Bf5 Rxe1+ 16. Rxe1 c5 17. Bxd7 Kf8 18. f3 Rd8 19. Bb5 a6 20.
Bc4 d5 21. Bd3 c4 22. Be2 Re8 23. Kf2 Bc8 24. g3 Bf5 25. Rd1 Bxc2 26. Rxd5 Bd3
27. Bxd3 1-0

[Event "?"]
[Site "ICS rated blitz match, 164.58"]
[Date "1997.??.??"]
[Round "?"]
[White "Brause"]
[Black "leonardo"]
[Result "1-0"]
[WhiteElo "2380"]
[BlackElo "1675"]
[PlyCount "53"]

1. e4 e5 2. Nf3 Nc6 3. Nc3 Nf6 4. Nxe5 Nxe5 5. d4 Nc6 6. d5 Ne5 7. f4 Ng6 8. e5
Ng8 9. d6 cxd6 10. exd6 Qb6 11. Qe2+ Kd8 12. f5 Nh4 13. Qg4 Nxf5 14. Qxf5 Bxd6
15. Qg5+ Ne7 16. Qxg7 Re8 17. Qxh7 Nf5+ 18. Be2 Nd4 19. Bg5+ Kc7 20. Nd5+ Kc6
21. Nxb6 Nxe2 22. Nxa8 b6 23. Qxf7 Re6 24. Qf3+ Kb5 25. Be3 Nd4 26. Qd5+ Bc5
27. Nc7+ 1-0

[Event "?"]
[Site "ICS rated blitz match, 164.58"]
[Date "1997.??.??"]
[Round "?"]
[White "Brause"]
[Black "leonardo"]
[Result "1-0"]
[WhiteElo "2380"]
[BlackElo "1675"]
[PlyCount "23"]

1. e4 e5 2. Nf3 Nc6 3. Nc3 Nf6 4. Nxe5 Nxe5 5. d4 Ng6 6. e5 Ng8 7. Bc4 Be7 8.
Qf3 f6 9. Qd5 Nh6 10. Bxh6 Rf8 11. Bxg7 c6 12. Qf3 1-0

[Event "?"]
[Site "ICS rated blitz match, 164.58"]
[Date "1997.??.??"]
[Round "?"]
[White "Brause"]
[Black "oldtimer"]
[Result "1-0"]
[WhiteElo "2380"]
[BlackElo "2225"]
[PlyCount "89"]

1. e4 e5 2. Nf3 Nc6 3. Nc3 Nf6 4. Nxe5 Nxe5 5. d4 Ng6 6. e5 Ng8 7. Bc4 d5 8.
Bxd5 c6 9. Be4 f5 10. Bf3 Bb4 11. O-O N8e7 12. Ne2 Be6 13. c3 Ba5 14. Nf4 Nxf4
15. Bxf4 O-O 16. Bg5 h6 17. Bd2 Bb6 18. g3 Qc7 19. Bg2 c5 20. Rc1 Rfd8 21. dxc5
Bxc5 22. Qe2 Rd7 23. Rc2 Rad8 24. Bc1 Bd5 25. b4 Bb6 26. c4 Bxg2 27. Kxg2 Qc6+
28. f3 Qe6 29. b5 Bc5 30. Kh1 Rd3 31. Bd2 R3d7 32. Bc1 Ng6 33. f4 Nf8 34. Bd2
Qg6 35. Ba5 b6 36. Bc3 Ne6 37. Rcc1 h5 38. a4 Qg4 39. Qxg4 hxg4 40. a5 Be3 41.
Rc2 Rd3 42. axb6 axb6 43. Bb4 Bc5 44. Bxc5 Nxc5 45. Ra1 1-0

[Event "?"]
[Site "ICS rated blitz match, 164.58"]
[Date "1997.??.??"]
[Round "?"]
[White "Brause"]
[Black "oldtimer"]
[Result "1-0"]
[WhiteElo "2370"]
[BlackElo "2220"]
[PlyCount "77"]

1. e4 e5 2. Nf3 Nc6 3. Nc3 Nf6 4. Nxe5 Nxe5 5. d4 Ng6 6. e5 Ng8 7. Bc4 d5 8.
Bxd5 c6 9. Be4 f5 10. Bf3 Bb4 11. O-O N8e7 12. Ne2 Be6 13. c3 Ba5 14. Nf4 Nxf4
15. Bxf4 O-O 16. Bg5 h6 17. Bd2 Bb6 18. g3 Qc7 19. Bg2 c5 20. dxc5 Bxc5 21. b4
Bb6 22. Re1 Rfd8 23. Qc2 Rac8 24. Qb2 Rd7 25. a4 a6 26. a5 Ba7 27. Re2 Bc4 28.
e6 Rdd8 29. Bf4 Rd6 30. Bxd6 Qxd6 31. Rd2 Qxe6 32. Bxb7 Rf8 33. Rad1 f4 34.
gxf4 Rxf4 35. Bg2 Rg4 36. h3 Rg5 37. Rd8+ Kf7 38. Qd2 Qg6 39. Qf4+ 1-0

[Event "?"]
[Site "ICS rated blitz match, 164.58"]
[Date "1997.??.??"]
[Round "?"]
[White "Brause"]
[Black "grovel"]
[Result "1-0"]
[WhiteElo "2375"]
[BlackElo "2700"]
[PlyCount "37"]

1. e4 e5 2. Nf3 Nc6 3. Nc3 Nf6 4. Nxe5 Nxe5 5. d4 Ng6 6. e5 Ng8 7. Bc4 Bb4 8.
Qf3 Qe7 9. O-O Bxc3 10. bxc3 Nh6 11. g3 O-O 12. a4 Re8 13. Bd5 d6 14. exd6 Qxd6
15. Bxh6 gxh6 16. Qxf7+ Kh8 17. Qxe8+ Kg7 18. Qf7+ Kh8 19. Qg8# 1-0